| 000 | 01282nam a22002537a 4500 | ||
|---|---|---|---|
| 001 | 5793 | ||
| 003 | FISKH | ||
| 005 | 20250122152512.0 | ||
| 008 | 250122b cb ||||| |||| 00| 0 eng d | ||
| 020 | _a9780439785044 | ||
| 040 |
_aFISKH _beng _cFISKH _dFISKH |
||
| 050 | _aQE765.C44 | ||
| 082 | _a930 | ||
| 100 | _aChandler, Fiona | ||
| 245 |
_a Prehistoric world / _cby Fiona Chandler, Sam Taplin and Jane Bingham |
||
| 260 |
_aNew York : _bScholastic , _c2004. |
||
| 300 |
_a96 pages : _bcolor illustrations, maps ; _c28 cm . |
||
| 490 | _aThe Usborne | ||
| 520 | _aThis volume traces the extraordinary evolution of our world, from the formation of Earth to the beginnings of human history, and looks at some of the amazing creatures that once inhabited our globe. It chronicles when life first appeared on Earth, why dinosaurs died out and how people survived the last Ice Age, covering a period up to 10,000BC. The book offers colourful maps showing the changing shapes of continents, the movement of people around the world and the development of life on Earth and presents detailed reconstructions and photographs of prehistoric artefacts. | ||
| 650 |
_aprehistoric _vnon-fiction |
||
| 700 |
_aFirenze, Inklink _eillustrator |
||
| 942 |
_2ddc _cBK _n0 |
||
| 999 |
_c5793 _d5793 |
||